000
00318nam a2200121Ia 4500
008
220217s9999||||xx |||||||||||||| ||und||
082
_a
005.73 GUP
100
_a
Gupta, Amit
245
0
_a
Data structures through C
260
_a
Galgotia booksource
_b
New Delhi
_c
2001
300
_b
175
650
_a
DATA STRUCTURES
999
_c
167863
_d
167863